=LDR 00000nam 2200000 4500 =001 INLIS000000000044630 =005 20131008110304 =008 ***********************************Ind** =035 ##$$0010-101300000002552 =041 ##$$a Ind =082 ##$$a 793.8 =090 ##$$a 793.8 , Hou t =100 ##$$a Houdine, Thomas =245 ##$$a Trik sulap ala the master , Thomas Houdine =260 ##$$a 2010 $b Yogyakarta =300 ##$$a 100 hal , 19 cm =850 ##$$a NBPNMAT =990 ##$$a 75007500 =990 ##$$a 01201707500 =990 ##$$a 75017501 =990 ##$$a 01201707500 =990 ##$$a 01201707501